Tax treatment of public and private pensions

Rozdielne prístupy k zdaneniu verejných dôchodkov a k príspevkom na sociálne zabezpečenie.

Saved in:
Bibliographic Details
Main Author: Vostatek, Jaroslav
Format: Book Chapter
Language:English
Subjects:
Tags: Add Tag
No Tags, Be the first to tag this record!

MARC

LEADER 00000naa a2200000 4500
001 0190146
005 20220715113259.4
041 0 |a eng 
044 |a CZ 
245 1 0 |a Tax treatment of public and private pensions  |c Jaroslav Vostatek 
520 |a Rozdielne prístupy k zdaneniu verejných dôchodkov a k príspevkom na sociálne zabezpečenie. 
610 2 0 |a dôchodky 
610 2 0 |a dávky sociálne 
610 2 0 |a zabezpečenie dôchodkové 
610 2 0 |a zabezpečenie sociálne 
610 2 0 |a zdaňovanie 
100 1 |a Vostatek, Jaroslav